| 000 | 00821cab a2200265 4500 | ||
|---|---|---|---|
| 001 | WB3428-07 | ||
| 008 | 090401t1998 xxu||||| |||| 00| 0 eng d | ||
| 035 | _a(Sirsi) u87512 | ||
| 041 | _aeng | ||
| 245 | _aNatWest Tower sold for £226m | ||
| 260 | _c1998 | ||
| 350 | _a0 | ||
| 490 |
_aFinancial Times _v18 July 1998, 21(1) |
||
| 520 | _aThe UK`s second tallest building is to be sold to a consortium made up of Greycoat, Hermes Pensions Management and Mercury Asset Management in a deal valued at £226m. | ||
| 650 | _aGREYCOAT | ||
| 650 | _aHERMES PENSION MANAGEMENT | ||
| 650 | _aINTERNATIONAL FINANCE CENTRE | ||
| 650 | _aMERCURY ASSET MANAGEMENT | ||
| 650 | _aNATWEST TOWER | ||
| 650 | _aOFFICES | ||
| 650 | _aSALE | ||
| 690 | _aPROPERTY-COMMERCIAL PROPERTY | ||
| 942 | _n0 | ||
| 948 | _c21/07/1998 | ||
| 999 |
_c55205 _d55205 |
||